00592nam a2200193Ia 450000500170000000800410001708200230005810000260008124500670010726000350017430000170020965000130022665000140023965000120025365000150026594200060028095200970028699900150038320250130055145.0240331s9999 xx 000 0 und d bFEM23076a305.401 aFeminist Study Circle 0aFeminism is Relevant:bPart 1: History, Politics and Economics aColombobFeminist Study Circle a22 p., (CII) aFeminism aEconomics aHistory aEmployment cL 001040708LaWERCLbWERCLcSSCd2024-03-31l0o 305.4 FEMp3076r2024-03-31w2024-03-31yL c5439d5439